Metodo per trombone a tiro
保存先:
| 第一著者: | |
|---|---|
| フォーマット: | 図書 |
| 言語: | イタリア語 |
| 出版事項: |
Milán
G. Ricordi
1928
|
| シリーズ: | E. R, 914
|
| 主題: | |
| タグ: |
タグ追加
タグなし, このレコードへの初めてのタグを付けませんか!
|
MARC
| LEADER | 00000nam a2200000 a 4500 | ||
|---|---|---|---|
| 001 | UCN8681 | ||
| 003 | CL-VaPUC | ||
| 005 | 20220106124901.0 | ||
| 008 | 011116e19280000IT |||||||||||||||||ita|d | ||
| 999 | |c 298442 |d 298440 | ||
| 040 | |c Pontificia Universidad Católica de Valparaíso | ||
| 082 | 0 | 4 | |a Tb788.93193 PER 1928 |2 21 |
| 100 | 0 | |a Peretti, Serse |e author |9 464947 | |
| 245 | 1 | 0 | |a Metodo per trombone a tiro |
| 260 | |a Milán |b G. Ricordi |c 1928 | ||
| 300 | |a 142 p | ||
| 490 | 0 | |a E. R, 914 | |
| 583 | |a last modification |c 20011116 00:00:00 |k Rodrigo Vera | ||
| 650 | 7 | |a TROMBON - EJERCICIOS Y ESTUDIOS |2 CL-VaPUC |9 464948 | |
| 650 | 7 | |a TROMBON - ESTUDIO E INSTRUCCION |2 CL-VaPUC |9 464949 | |
| 650 | 7 | |a TROMBON - INTERPRETACION |2 CL-VaPUC |9 464950 | |
| 650 | 7 | |a TROMBON - TECNICAS DE EJECUCION |2 CL-VaPUC |9 464951 | |
| 650 | 7 | |a PEDAGOGIA INSTRUMENTAL |2 CL-VaPUC |9 464952 | |
| 942 | |c BK |2 ddc | ||
| 945 | |d 20011116 00:00:00 |a lriquelm | ||
| 952 | |0 0 |1 0 |2 ddc |4 0 |6 TB_788_931930000000000_PER_1928 |7 0 |8 F |9 354025 |a BIBEDU |b BIBEDU |d 2019-11-21 |i 1178326 |o Tb788.93193 PER 1928 |p 1178326 |r 2023-11-22 |w 2019-11-21 |y BK_F |k MUS | ||